00250nam a22000977a 4500008004100000020001800041050000700059100002300066245002700089300003600116140702b xxu||||| |||| 00| 0 eng d a971-642-070-6 aDS aZaide, Gregorio F. aRizalblife and works. aincludes index and bibliography